Stolice w trzydzieści sekund - Statystyki

Ogólne statystyki
  • Ten quiz został rozwiązany 239 razy
  • Średni wynik to 7 z 8
Statystyki odpowiedzi
Państwo Stolica % Poprawnych
Francja Paryż
99%
Grecja Ateny
97%
Hiszpania Madryt
96%
Chiny Pekin
95%
Wielka Brytania Londyn
94%
Włochy Rzym
91%
Korea Południowa Seul
78%
Iran Teheran
59%
Nie znaleziono quizów pasujących do podanych kryteriów
Rozkład punktacji
Procent ludzi z każdym wynikiem
Percentyl według liczby udzielonych odpowiedzi
Twoja historia wyników
Nie rozwiązałeś tego quizu